000 00831cam a2200157 4500500
005 20260111090612.0
041 _afre
042 _adc
100 1 0 _aWybrands, Francis
_eauthor
245 0 0 _aCarlos Bauverd, Post Mortem, Lettre à un père fasciste. Phébus, 2003, 160 pages, 14 €
260 _c2003.
500 _a58
520 _aRésuméIdentifier l’inhumain – l’absurde, le nihilisme, le ressentiment, le mal –, fonder l’humain – la révolte, l’amour –, proposer un humanisme inédit, telle aura été la tentative philosophique et littéraire d’Albert Camus. La lucidité tragique n’interdit pas l’exigence d’humanité.
786 0 _nÉtudes | 399 | 9 | 2003-09-01 | p. 270d-287d | 0014-1941
856 4 1 _uhttps://shs.cairn.info/revue-etudes-2003-9-page-270d?lang=fr&redirect-ssocas=7080
999 _c1619230
_d1619230